[Event "SLO-chT3 West"]
[Site "Komenda"]
[Date "2019.12.08"]
[Round "4.4"]
[White "Timagina, Sofia"]
[Black "Meze Ivanic, Ema"]
[Result "1-0"]
[WhiteElo "1072"]
[BlackElo "1147"]
[PlyCount "49"]
[EventDate "2019.12.06"]
[EventType "team-swiss"]
[EventRounds "5"]
[EventCountry "SLO"]
[SourceTitle "EXT 2024"]
[Source "ChessBase"]
[SourceDate "2023.10.10"]
[SourceVersion "1"]
[SourceVersionDate "2023.10.10"]
[SourceQuality "1"]
[WhiteTeam "Menges Trzin"]
[BlackTeam "Postojna"]
[WhiteTeamCountry "SLO"]
[BlackTeamCountry "SLO"]

1. e4 e5 2. Bc4 Nf6 3. d3 Bc5 4. Nf3 Ng4 5. 0-0 d6 6. h3 Nf6 7. Nc3 0-0 8. Bg5 h6 9. Bh4 Qe8 10. Bxf6 Nc6 11. Bh4 Na5 12. Bb3 Bd7 13. Nh2 Nxb3 14. axb3 Be6 15. Qg4 Bd7 16. Qg3 Bd4 17. Kh1 Bc8 18. Nd5 Bxb2 19. Nf6+ Kh8 20. Nxe8 Rxe8 21. Ra2 Bd4 22. Ng4 Bc3 23. Nxh6 gxh6 24. Bf6+ Kh7 25. Qg7# 1-0